| 000 | 00566nam a22001817a 4500 | ||
|---|---|---|---|
| 003 | CEME | ||
| 005 | 20210628202840.0 | ||
| 008 | 210203b xxu||||| |||| 00| 0 eng d | ||
| 020 | _a0-8031-1397-8 | ||
| 040 | _c. | ||
| 082 | _a615.907 PLA | ||
| 100 |
_aWang, Wuncheng Gorsuch, Joseph W _961950 |
||
| 245 | _aPlant for toxicity assessment | ||
| 260 |
_aUSA _bASTM _c1990 |
||
| 300 | _a363P | ||
| 650 |
_aPLANT EFFECT OF POLLUTION ON CONGRESSES, PLANT INDICATORS CONGRESSES, TOXICITY TESTING CONGRESSES, BIOLOGICAL MONITORING CONGRESSES _961951 |
||
| 942 |
_cBK _2ddc |
||
| 999 |
_c571221 _d571221 |
||